000 00821nas a2200289 4500
001 BR2019000840
003 BR-BrBNA
005 20231205131737.0
007 ta
008 230509b bl.|||p| |||| 00| 00por d
040 _aBR-BrBNA
_bpor
_cBiblioteca Nacional de Agricultura
041 _a(Pt)
072 _aP33; N20; F07
100 1 _aFarias, M.S. de
100 1 _aBertollo, G.M.
100 1 _aSantos, G.O. dos
100 1 _aNegri, G.M.
100 1 _a
245 1 _aPreparo do solo nos diferentes sistemas de cultivo
650 _aMANEJO DO SOLO
650 _aMECANIZAÇÃO AGRÍCOLA
650 _aCANA DE AÇÚCAR
650 _aBATATA
773 0 _tA Granja (Brazil)
_x0367-505x
_g(Jul 2016), v. 72(811) p. 36-38
_wBR2019000840
909 _a202311
_bLúcia
_c55
_dLúcia Elande
942 _2AGRIS
_n0
_cANA
999 _c256439
_d256439